000 00352nam a2200145Ia 4500
001 R-1081
003 CODICE-MESSINA
005 20260212102501.0
008 260211s9999 xx 000 0 und d
040 _cimportazione_messina
100 _aBenito Monocchia
245 0 _aIlprete Di Cosa Nostra
260 _bEdizione Meb Torino
942 _2ddc
_cBK
999 _c27576
_d27576